000 00982naa a2200313 c 4500
001 26413
003 ES-MaCES
005 20150929124557.0
008 940209n1993 sp ||| | spa d
035 _aCES19980003463v
040 _aES-MaCES
_bspa
_cES-MaCES
100 1 _aEsteban Jodar, Lorenzo
_911460
245 1 3 _aEl mercado español de seguros
_cLorenzo Esteban Jodar
650 4 _acuadros estadísticos
_928890
650 4 _a1992
_930809
650 4 _aEspaña
_926964
650 4 _apérdida financiera
_928136
650 4 _adeuda
_928111
650 4 _agastos
_929793
650 4 _arecursos económicos
_927083
650 4 _aingreso
_927108
650 4 _acooperativa de seguros
_930373
653 1 0 _aPolíticas sectoriales
650 4 _928107
_acrédito
773 0 _tInformación Comercial Española
_gMadrid. - N. 715 ; p. 15-44
_w(ES-MaCES)25295
902 _aART Artículo de revista
942 _2CES
_cAR
_h5.2.
999 _c26413
_d26413